| 000 | 00741nam a22002417a 4500 | ||
|---|---|---|---|
| 003 | IBSLLIB | ||
| 005 | 20260511081600.0 | ||
| 008 | 260511b |||||||| |||| 00| 0 eng d | ||
| 020 | _a0140120904 | ||
| 040 |
_aIBSLLIB _beng |
||
| 041 | _hEnglish | ||
| 082 |
_a336.2 _bBRU |
||
| 100 | _aBruck , Connie | ||
| 245 |
_aThe Predators' Ball _bThe Inside Story Of Drexel Burnham and The Rise Of The Junk Bond Raiders |
||
| 260 |
_aUSA : _bPenguin , _c1988 |
||
| 300 |
_a402 P ; _c20 cm |
||
| 653 | _aConsolidation and Merger Of Corporations - United States | ||
| 653 | _aJunk Bonds - United States | ||
| 653 | _aMilken , Michael | ||
| 653 | _aDrexel Burnham Lambert Incorporated | ||
| 653 | _aStockbrokers - United States | ||
| 942 | _cLBK | ||
| 999 |
_c22099 _d22099 |
||